00783 2200277 4500001002100000005001700021008004100038020002200079035002500101040001200126082001400138084001600152100002100168245010700189250001800296260002500314300002500339500001100364504003100375650001000406700002300416850001200439990001800451990001800469990001800487INLIS00000000000573720150805100022.0  a978-979-433-771-4 a0010-051500000000870 aYOPDYOG 223a152.4 a152.4 Arm C aARMSTRONG, Keren aCompassionb: 12 langkah menuju hidup berbelas kasihc/ Karen Armstrong; Penerjemah, Yuliani Armstrong aEd. 2, Cet. 1 aBandungbMizanc2013 a247 hlm.c; 23,5 cm. aIndeks aBibliografi : hlm. 231-241 aEmosi aARMSTRONG, Yuliani aYOPDYOG a15191-PD/B.15 a15192-PD/B.15 a15193-PD/B.15